[Event "Paterna 4th"]
[Site "Paterna"]
[Date "2023.09.25"]
[Round "7"]
[White "Davtyan, David"]
[Black "Llobel Cortell, Enrique"]
[Result "0-1"]
[WhiteElo "2274"]
[BlackElo "2297"]
[PlyCount "86"]
[EventDate "2023.09.25"]
[EventType "tourn"]
[EventRounds "7"]
[EventCountry "ESP"]
[SourceTitle "EXT 2024"]
[Source "ChessBase"]
[SourceDate "2023.10.10"]
[SourceVersion "1"]
[SourceVersionDate "2023.10.10"]
[SourceQuality "1"]

1. d4 Nf6 2. Nc3 d6 3. Bg5 Nbd7 4. Nf3 e5 5. e4 Be7 6. Qd2 0-0 7. h3 c6 8. 0-0-0 b5 9. dxe5 dxe5 10. Qe3 Qc7 11. Bh4 a5 12. a4 b4 13. Nb1 c5 14. Nbd2 Nb6 15. b3 Bb7 16. Bxf6 Bxf6 17. Nc4 Nxc4 18. Bxc4 Qe7 19. g4 Qc7 20. Bb5 Rad8 21. Nd2 Rd4 22. f3 Rfd8 23. Nc4 Qe7 24. Qe2 Qc7 25. Ne3 Bg5 26. h4 Bxe3+ 27. Qxe3 Qd6 28. Rxd4 cxd4 29. Qe2 Bc8 30. Rd1 Be6 31. g5 Rc8 32. Kb1 Rc3 33. Qd2 Qc5 34. f4 exf4 35. Qxd4 Qxd4 36. Rxd4 g6 37. Rd8+ Kg7 38. Ra8 f3 39. Rxa5 f2 40. Ra7 Bc4 41. Bxc4 Rxc4 42. bxc4 f1Q+ 43. Kb2 Qxc4 0-1

[Event "EU-Cup 37th"]
[Site "Mayrhofen"]
[Date "2022.10.08"]
[Round "6.3"]
[White "Llobel Cortell, Enrique"]
[Black "Polak, Tomas"]
[Result "0-1"]
[WhiteElo "2380"]
[BlackElo "2502"]
[PlyCount "104"]
[EventDate "2022.10.03"]
[EventType "team-swiss"]
[EventRounds "7"]
[EventCountry "AUT"]
[SourceTitle "CBM 210 Extra"]
[Source "ChessBase"]
[SourceDate "2022.11.30"]
[SourceVersion "1"]
[SourceVersionDate "2022.11.30"]
[SourceQuality "1"]
[WhiteTeam "Andreu Valencia Origin"]
[BlackTeam "Brno Moravska Slavia"]
[WhiteTeamCountry "ESP"]
[BlackTeamCountry "CZE"]

1. e4 c6 2. Nf3 d5 3. Nc3 Bg4 4. h3 Bxf3 5. Qxf3 e6 6. g3 g6 7. d4 Bg7 8. Be3 Nd7 9. Bg2 Ne7 10. h4 h6 11. Qe2 Nb6 12. Rd1 Qd7 13. 0-0 0-0 14. b3 dxe4 15. Nxe4 Nf5 16. c3 Nxe3 17. Qxe3 Qe7 18. Rd2 Nd5 19. Qd3 Rad8 20. f4 f5 21. Nf2 c5 22. Re1 cxd4 23. cxd4 Qb4 24. Bxd5 Rxd5 25. Qe3 Rd6 26. Red1 Rfd8 27. d5 Kh7 28. h5 gxh5 29. Qf3 h4 30. gxh4 Bf6 31. Kh1 Rg8 32. h5 exd5 33. Rxd5 Rxd5 34. Rxd5 Bd4 35. Rd7+ Kh8 36. Nd3 Qc3 37. Kh2 Qa1 38. Kh3 Bf6 39. Nf2 Qf1+ 40. Kh2 Qg1+ 41. Kh3 Qf1+ 42. Kh2 Rg4 43. Rd1 Rh4+ 44. Kg3 Rh3+ 45. Nxh3 Bh4+ 46. Kxh4 Qxf3 47. Rg1 Qe2 48. a4 a5 49. Rg6 Qe1+ 50. Rg3 Qe7+ 51. Ng5 hxg5+ 52. Rxg5 Kh7 0-1

[Event "EU-Cup 37th"]
[Site "Mayrhofen"]
[Date "2022.10.07"]
[Round "5.3"]
[White "Llobel Cortell, Enrique"]
[Black "Gokerkan, Cem Kaan"]
[Result "1/2-1/2"]
[WhiteElo "2380"]
[BlackElo "2465"]
[PlyCount "116"]
[EventDate "2022.10.03"]
[EventType "team-swiss"]
[EventRounds "7"]
[EventCountry "AUT"]
[SourceTitle "CBM 210 Extra"]
[Source "ChessBase"]
[SourceDate "2022.11.30"]
[SourceVersion "1"]
[SourceVersionDate "2022.11.30"]
[SourceQuality "1"]
[WhiteTeam "Andreu Valencia Origin"]
[BlackTeam "Gokturk"]
[WhiteTeamCountry "ESP"]
[BlackTeamCountry "TUR"]

1. e4 c5 2. Nf3 d6 3. d4 Nf6 4. Nc3 cxd4 5. Nxd4 a6 6. Bg5 Nbd7 7. Bc4 Qb6 8. Bb3 e6 9. a4 Qa5 10. Bd2 Nc5 11. 0-0 Qc7 12. Re1 Nxb3 13. Nxb3 Be7 14. a5 Bd7 15. Bf4 0-0 16. Qe2 Rac8 17. Rad1 e5 18. Bg5 Be6 19. Rd2 h6 20. Bh4 Rfd8 21. Red1 Bg4 22. f3 Be6 23. Kh1 Kh7 24. Qe1 Bxb3 25. cxb3 g5 26. Bf2 Qxa5 27. Rd3 Rc6 28. Qd2 Rdc8 29. Be3 b5 30. Qe1 b4 31. Na4 Qb5 32. h3 a5 33. Kh2 Rd8 34. Qd2 Qb7 35. Qf2 d5 36. exd5 Rcd6 37. Nb6 Nxd5 38. Nc4 Re6 39. Nxa5 Qa8 40. Nc4 Nf6 41. Rxd8 Bxd8 42. Nd6 Be7 43. Nf5 Bf8 44. Bc5 e4 45. Bxf8 Qxf8 46. fxe4 Nxe4 47. Qd4 Kg6 48. Rf1 Qb8+ 49. Kg1 Qe5 50. Qd8 Kh7 51. Qf8 Qc5+ 52. Qxc5 Nxc5 53. Nd4 Re7 54. Nc6 Rc7 55. Nxb4 Nxb3 56. Nd5 Rb7 57. Rf2 Kg6 58. Rf6+ Kg7 1/2-1/2

[Event "EU-Cup 37th"]
[Site "Mayrhofen"]
[Date "2022.10.04"]
[Round "2.3"]
[White "Michalik, Peter"]
[Black "Llobel Cortell, Enrique"]
[Result "1-0"]
[WhiteElo "2558"]
[BlackElo "2380"]
[PlyCount "81"]
[EventDate "2022.10.03"]
[EventType "team-swiss"]
[EventRounds "7"]
[EventCountry "AUT"]
[SourceTitle "CBM 210 Extra"]
[Source "ChessBase"]
[SourceDate "2022.11.30"]
[SourceVersion "1"]
[SourceVersionDate "2022.11.30"]
[SourceQuality "1"]
[WhiteTeam "Ajka BSK"]
[BlackTeam "Andreu Valencia Origin"]
[WhiteTeamCountry "HUN"]
[BlackTeamCountry "ESP"]

1. d4 Nf6 2. c4 e6 3. Nf3 d5 4. g3 dxc4 5. Bg2 b5 6. Ne5 Bb4+ 7. Bd2 Bxd2+ 8. Qxd2 Nd5 9. a4 c6 10. axb5 cxb5 11. Nc3 f6 12. Ng4 Bb7 13. Nxb5 Qd7 14. e4 Qxb5 15. exd5 Bxd5 16. Ra5 Qd7 17. Bxd5 exd5 18. Qe2+ Kf7 19. Ne3 Re8 20. Qh5+ Kg8 21. Rxd5 Qe6 22. Rd6 Qe4 23. 0-0 Nc6 24. Qc5 Rac8 25. Qxc4+ Kh8 26. Qd5 Qxd5 27. Rxd5 Nb4 28. Rd7 Red8 29. Rxa7 Rxd4 30. Rxg7 Kxg7 31. Nf5+ Kg6 32. Nxd4 Nd3 33. b3 Rd8 34. Nc6 Rd6 35. Rd1 Rxc6 36. Rxd3 Rc1+ 37. Kg2 Rb1 38. Kf3 Rb2 39. Rc3 Kf5 40. Rc5+ Kg6 41. Rb5 1-0

[Event "ESP-chT CECLUB Honor"]
[Site "Linares"]
[Date "2022.09.23"]
[Round "7.2"]
[White "Llobel Cortell, Enrique"]
[Black "Buksa, Nataliya"]
[Result "1/2-1/2"]
[WhiteElo "2380"]
[BlackElo "2407"]
[PlyCount "103"]
[EventDate "2022.09.17"]
[EventType "team-tourn"]
[EventRounds "7"]
[EventCountry "ESP"]
[SourceTitle "CBM 210 Extra"]
[Source "ChessBase"]
[SourceDate "2022.11.30"]
[SourceVersion "1"]
[SourceVersionDate "2022.11.30"]
[SourceQuality "1"]
[WhiteTeam "Andreu Paterna"]
[BlackTeam "Jaime Casas"]
[WhiteTeamCountry "ESP"]
[BlackTeamCountry "ESP"]

1. e4 c5 2. Nf3 Nc6 3. Bb5 g6 4. 0-0 Bg7 5. c3 e5 6. d4 cxd4 7. cxd4 exd4 8. Bf4 a6 9. Ba4 Nge7 10. Bd6 b5 11. Bb3 Bb7 12. Re1 Nc8 13. e5 Nxd6 14. exd6+ Kf8 15. a4 Bf6 16. Nbd2 Kg7 17. Bd5 Na5 18. Bxb7 Nxb7 19. Ne4 Rc8 20. axb5 axb5 21. Ra7 Nc5 22. Nxf6 Qxf6 23. Qxd4 Rhe8 24. Rxe8 Qxd4 25. Nxd4 Rxe8 26. g3 b4 27. Rc7 Re5 28. Nc2 b3 29. Ne3 h5 30. Kf1 Kf6 31. Ke2 Ke6 32. Rc8 Kxd6 33. Rb8 Re4 34. Kd2 Ra4 35. Kc3 Ra1 36. Rb6+ Ke5 37. Nc4+ Ke4 38. Kb4 Nd3+ 39. Kxb3 Nxf2 40. Nd6+ Kf3 41. Nxf7 Rh1 42. Rxg6 Rxh2 43. Ne5+ Ke4 44. Nxd7 Ng4 45. Nf6+ Kf3 46. Nxg4 hxg4 47. Kc3 Kxg3 48. b4 Kf4 49. b5 g3 50. b6 Rh1 51. Kc4 Rb1 52. Kc5 1/2-1/2

[Event "Valencia Paterna Gp-A 2nd"]
[Site "Valencia"]
[Date "2021.10.18"]
[Round "5"]
[White "Davtyan, David"]
[Black "Llobel Cortell, Enrique"]
[Result "0-1"]
[WhiteElo "2292"]
[BlackElo "2385"]
[PlyCount "90"]
[EventDate "2021.10.18"]
[EventType "tourn (rapid)"]
[EventRounds "7"]
[EventCountry "ESP"]
[EventCategory "5"]
[SourceTitle "CBM 204 Extra"]
[Source "ChessBase"]
[SourceDate "2021.11.30"]
[SourceVersion "1"]
[SourceVersionDate "2021.11.30"]
[SourceQuality "1"]

1. e4 d6 2. Nc3 e5 3. Nf3 Nf6 4. d4 Nbd7 5. Bc4 Be7 6. g4 exd4 7. Qxd4 0-0 8. g5 Ng4 9. Bf4 Nde5 10. Bxe5 Nxe5 11. Nxe5 dxe5 12. Qxe5 Bxg5 13. Rd1 Qf6 14. Qxf6 Bxf6 15. Nd5 Bxb2 16. Nxc7 Bg4 17. Nxa8 Bc3+ 18. Kf1 Bxd1 19. Nc7 Rc8 20. Kg2 Bxc2 21. Nb5 Rxc4 22. Rc1 Bd2 23. Ra1 Bxe4+ 24. f3 Bc6 25. Nd6 Rc2 26. Kg3 Bc3 27. Rd1 Be5+ 28. f4 Bxd6 29. Rxd6 g6 30. f5 gxf5 31. Kf4 Kg7 32. h4 Rxa2 33. Kg5 Rg2+ 34. Kxf5 Rg6 35. Rd8 Rf6+ 36. Kg5 h6+ 37. Kg4 Bf3+ 38. Kg3 Bc6 39. Kg4 a5 40. Rd3 Rg6+ 41. Kh5 Re6 42. Rg3+ Kf8 43. Rd3 a4 44. Rd8+ Ke7 45. Ra8 Bf3# 0-1

[Event "ESP-chT CECLUB Honor"]
[Site "Toledo"]
[Date "2021.10.17"]
[Round "7.4"]
[White "Cuenca Jimenez, Jose Fernando"]
[Black "Llobel Cortell, Enrique"]
[Result "1-0"]
[WhiteElo "2550"]
[BlackElo "2385"]
[PlyCount "97"]
[EventDate "2021.10.11"]
[EventType "team-tourn"]
[EventRounds "7"]
[EventCountry "ESP"]
[SourceTitle "CBM 204 Extra"]
[Source "ChessBase"]
[SourceDate "2021.11.30"]
[SourceVersion "1"]
[SourceVersionDate "2021.11.30"]
[SourceQuality "1"]
[WhiteTeam "Costa Calida"]
[BlackTeam "Andreu Paterna"]
[WhiteTeamCountry "ESP"]
[BlackTeamCountry "ESP"]

1. d4 Nf6 2. c4 Nc6 3. Nc3 e5 4. d5 Ne7 5. Nf3 Ng6 6. h4 e4 7. Ng5 Bb4 8. h5 Ne5 9. h6 g6 10. Qd4 Qe7 11. Ngxe4 Nxe4 12. Qxe4 f5 13. Qc2 Nxc4 14. a3 Ba5 15. b4 Bb6 16. e3 Ne5 17. Bb2 d6 18. Na4 0-0 19. Nxb6 cxb6 20. Be2 f4 21. Qe4 Qg5 22. Bxe5 dxe5 23. Bf3 fxe3 24. Qxe3 Qxe3+ 25. fxe3 Bf5 26. e4 Bd7 27. Kd2 Rac8 28. Rac1 Kf7 29. Ke3 Kf6 30. Kf2 Kg5 31. Kg3 Rxc1 32. Rxc1 Rc8 33. Rxc8 Bxc8 34. d6 Bd7 35. Be2 b5 36. Bd1 Be6 37. a4 bxa4 38. Bxa4 Kf6 39. Be8 Bg8 40. Kg4 Be6+ 41. Kh4 Bg8 42. d7 Ke7 43. Kg5 a6 44. Bxg6 Kxd7 45. Kf6 b6 46. Kg7 Bc4 47. Bxh7 a5 48. Bf5+ Ke7 49. h7 1-0

[Event "ESP-chT Rapid"]
[Site "Ciudad Real"]
[Date "2021.10.10"]
[Round "9.1"]
[White "Llobel Cortell, Enrique"]
[Black "Gomez Dieguez, David"]
[Result "1/2-1/2"]
[WhiteElo "2385"]
[BlackElo "2297"]
[PlyCount "116"]
[EventDate "2021.10.09"]
[EventType "team-swiss (rapid)"]
[EventRounds "9"]
[EventCountry "ESP"]
[SourceTitle "CBM 204 Extra"]
[Source "ChessBase"]
[SourceDate "2021.11.30"]
[SourceVersion "1"]
[SourceVersionDate "2021.11.30"]
[SourceQuality "1"]
[WhiteTeam "Paterna Andreu"]
[BlackTeam "Ourense Deportivo"]
[WhiteTeamCountry "ESP"]
[BlackTeamCountry "ESP"]

1. e4 e5 2. Nc3 Nc6 3. Bc4 Nf6 4. d3 Na5 5. Bb3 Bc5 6. Bg5 h6 7. Bh4 Nxb3 8. axb3 c6 9. Nf3 d6 10. d4 exd4 11. Nxd4 0-0 12. 0-0 Re8 13. Re1 g5 14. Bg3 Bg4 15. Qd2 Nh5 16. h3 Bd7 17. Bh2 Qf6 18. Rad1 Rad8 19. Na4 Nf4 20. b4 Bxd4 21. Qxd4 Qxd4 22. Rxd4 c5 23. bxc5 Ne6 24. Rc4 Rc8 25. c6 Bxc6 26. Nc3 b5 27. Rb4 a5 28. Rxb5 Bxb5 29. Nxb5 Rxc2 30. Nxd6 Ra8 31. Be5 Nc5 32. Rd1 Nb3 33. Nf5 Rc1 34. Nxh6+ Kh7 35. Rxc1 Nxc1 36. Nxf7 Nd3 37. Bc3 a4 38. Nxg5+ Kg6 39. Nf3 Kh7 40. Ne5 Nf4 41. Kf1 Re8 42. g3 Ne6 43. Ke2 Nc7 44. f4 Nb5 45. Kd3 Rd8+ 46. Kc4 Nd6+ 47. Kd5 Nb5+ 48. Kc4 Nd6+ 49. Kb4 Nxe4 50. Kxa4 Nxg3 51. Ng4 Rd3 52. Nf6+ Kg6 53. h4 Ne2 54. Be5 Kf5 55. h5 Nxf4 56. Bxf4 Kxf4 57. h6 Rh3 58. b4 Ke5 1/2-1/2

[Event "Online Chess Stars Gp-A"]
[Site "chess24.com INT"]
[Date "2020.11.06"]
[Round "7"]
[White "Larino Nieto, David"]
[Black "Llobel Cortell, Enrique"]
[Result "1-0"]
[WhiteElo "2461"]
[BlackElo "2404"]
[PlyCount "73"]
[EventDate "2020.11.06"]
[EventType "tourn (blitz)"]
[EventRounds "7"]
[EventCountry "ESP"]
[EventCategory "5"]
[SourceTitle "CBM 199 Extra"]
[Source "ChessBase"]
[SourceDate "2021.01.31"]
[SourceVersion "1"]
[SourceVersionDate "2021.01.31"]
[SourceQuality "1"]

1. Nf3 d5 2. b3 Bg4 3. Bb2 Nf6 4. g3 Bxf3 5. exf3 e6 6. Bg2 Be7 7. 0-0 0-0 8. f4 Nbd7 9. c4 c6 10. d3 a5 11. a3 Qb6 12. Nd2 Rfd8 13. Qc2 Nc5 14. Bc3 dxc4 15. dxc4 Rd7 16. Rab1 Rad8 17. b4 axb4 18. axb4 Na6 19. b5 Nb4 20. bxc6 bxc6 21. Nf3 c5 22. Ne5 Rc7 23. Qe2 Rcc8 24. h4 Qc7 25. h5 h6 26. Ng4 Nxg4 27. Qxg4 Bf8 28. f5 exf5 29. Qxf5 Qd7 30. Qxd7 Rxd7 31. Bh3 Rcd8 32. Bxd7 Rxd7 33. Rbd1 Ra7 34. Rd8 f6 35. Rfd1 Nc6 36. Rc8 Ne7 37. Rxc5 1-0

[Event "Paterna Blitz"]
[Site "Paterna"]
[Date "2020.09.30"]
[Round "5"]
[White "Llobel Cortell, Enrique"]
[Black "Vallejo Pons, Francisco"]
[Result "0-1"]
[WhiteElo "2377"]
[BlackElo "2615"]
[PlyCount "48"]
[EventDate "2020.09.30"]
[EventType "tourn (blitz)"]
[EventRounds "9"]
[EventCountry "ESP"]
[EventCategory "8"]
[SourceTitle "EXT 2023"]
[Source "ChessBase"]
[SourceDate "2022.10.05"]
[SourceVersion "1"]
[SourceVersionDate "2022.10.05"]
[SourceQuality "1"]

1. c4 e5 2. d3 Nc6 3. Nc3 Bc5 4. e3 d6 5. Nf3 Nf6 6. Be2 a6 7. a3 Ba7 8. 0-0 0-0 9. b4 Ne7 10. d4 exd4 11. Nxd4 Ng6 12. Bb2 c6 13. Qc2 Qe7 14. Rad1 Nh4 15. g3 Ng6 16. Nf5 Bxf5 17. Qxf5 Rad8 18. Kh1 Rfe8 19. Rd2 Bb8 20. Rfd1 b5 21. cxb5 axb5 22. a4 bxa4 23. Nxa4 Ne4 24. Rc2 Qb7 0-1

[Event "Valencia Stars"]
[Site "Valencia"]
[Date "2019.12.15"]
[Round "10.5"]
[White "Llobel Cortell, Enrique"]
[Black "Povshednyi, Ivan"]
[Result "1-0"]
[WhiteElo "2401"]
[BlackElo "1795"]
[PlyCount "121"]
[EventDate "2019.12.15"]
[EventType "schev (rapid)"]
[EventRounds "10"]
[EventCountry "ESP"]
[SourceTitle "CBM 193 Extra"]
[Source "ChessBase"]
[SourceDate "2020.01.31"]
[SourceVersion "1"]
[SourceVersionDate "2020.01.31"]
[SourceQuality "1"]
[WhiteTeam "Valencia"]
[BlackTeam "Europe"]
[WhiteTeamCountry "ESP"]

1. e4 c5 2. Nc3 e6 3. Nf3 d6 4. d4 cxd4 5. Nxd4 Nf6 6. Be3 a6 7. Qd2 Be7 8. f3 Qc7 9. 0-0-0 Nbd7 10. g4 Ne5 11. g5 Nfd7 12. f4 Nc4 13. Bxc4 Qxc4 14. f5 Ne5 15. Rhf1 Bd7 16. Kb1 0-0-0 17. f6 Bf8 18. Nb3 Qc7 19. Bf4 Bc6 20. Bxe5 dxe5 21. Qxd8+ Qxd8 22. Rxd8+ Kxd8 23. fxg7 Bxg7 24. Rxf7 Rg8 25. Nc5 Ke8 26. Rc7 Bf8 27. Nxe6 Bd7 28. Nxf8 Rxf8 29. b4 Rf1+ 30. Kb2 Rf2 31. Nd5 Kd8 32. Rxb7 Rxh2 33. Rb8+ Bc8 34. Nb6 Kc7 35. Rxc8+ Kxb6 36. Re8 Rh5 37. Rxe5 Kb7 38. a4 Kb6 39. a5+ Kb7 40. Kb3 Kc7 41. Kc4 Kc6 42. Re6+ Kb7 43. Re7+ Kc6 44. Rg7 Rh4 45. Kd4 Kb5 46. Rb7+ Ka4 47. c3 Rh5 48. Rg7 Kb3 49. e5 Rh4+ 50. Kd5 Kxc3 51. e6 Rd4+ 52. Kc5 Re4 53. Kd6 Kxb4 54. Rxh7 Kxa5 55. g6 Rg4 56. g7 Rg6 57. Kd7 Kb4 58. e7 Rg1 59. e8Q Rd1+ 60. Kc6 Rc1+ 61. Kd5 1-0

[Event "ESP-ch rapid"]
[Site "Linares"]
[Date "2018.08.19"]
[Round "7"]
[White "Llobel Cortell, Enrique"]
[Black "Domingo Nunez, Ruben"]
[Result "1/2-1/2"]
[WhiteElo "2408"]
[BlackElo "2318"]
[PlyCount "78"]
[EventDate "2018.08.19"]
[EventType "swiss (rapid)"]
[EventRounds "9"]
[EventCountry "ESP"]
[SourceTitle "CBM 186 Extra"]
[Source "ChessBase"]
[SourceDate "2018.08.24"]
[SourceVersion "1"]
[SourceVersionDate "2018.08.24"]
[SourceQuality "1"]

1. e4 c5 2. Nc3 e6 3. Nf3 Nc6 4. d4 cxd4 5. Nxd4 Qc7 6. g3 a6 7. Bg2 h5 8. h3 h4 9. g4 Bc5 10. Nb3 Ba7 11. f4 Nge7 12. Qe2 b5 13. e5 f5 14. Be3 Bxe3 15. Qxe3 Nb4 16. 0-0-0 Bb7 17. Bxb7 Qxb7 18. Qd4 Nbd5 19. Nxd5 Qxd5 20. gxf5 Nxf5 21. Qxd5 exd5 22. Rxd5 Rc8 23. Rd2 0-0 24. Rhd1 Rc4 25. Nd4 Ne3 26. Re1 Rxf4 27. Rxe3 Rf1+ 28. Rd1 Rxd1+ 29. Kxd1 Rxd4+ 30. Ke2 Kf7 31. c3 Rf4 32. Rd3 Ke7 33. Rd6 a5 34. Rg6 Kf7 35. Rd6 Ke7 36. Rg6 Kf7 37. Rd6 Ke7 38. Rg6 Kf7 39. Rd6 Ke7 1/2-1/2

[Event "ESP-ch rapid"]
[Site "Linares"]
[Date "2017.08.13"]
[Round "4"]
[White "Korneev, Oleg"]
[Black "Llobel Cortell, Enrique"]
[Result "1/2-1/2"]
[WhiteElo "2566"]
[BlackElo "2402"]
[PlyCount "52"]
[EventDate "2017.08.13"]
[EventType "swiss (rapid)"]
[EventRounds "9"]
[EventCountry "ESP"]
[SourceTitle "CBM 179 Extra"]
[Source "ChessBase"]
[SourceDate "2017.08.23"]
[SourceVersion "1"]
[SourceVersionDate "2017.08.23"]
[SourceQuality "1"]

1. e4 c5 2. Nf3 d6 3. d4 cxd4 4. Nxd4 Nf6 5. Nc3 Bd7 6. Be3 Ng4 7. Bg5 h6 8. Bh4 g5 9. Bg3 Bg7 10. Be2 Ne5 11. Nf5 Bxf5 12. exf5 Nbc6 13. Nd5 0-0 14. 0-0 e6 15. Ne3 d5 16. c3 Qb6 17. fxe6 fxe6 18. Rb1 Rad8 19. Qc2 Rc8 20. Rfd1 Kh8 21. Ng4 Nxg4 22. Bxg4 Nd4 23. Qd2 Nf5 24. Bxf5 exf5 25. h3 f4 26. Bh2 Rcd8 1/2-1/2

[Event "ESP-ch rapid"]
[Site "Linares"]
[Date "2017.08.13"]
[Round "7"]
[White "Morales Araujo, Francisco Javier"]
[Black "Llobel Cortell, Enrique"]
[Result "0-1"]
[WhiteElo "2134"]
[BlackElo "2402"]
[PlyCount "71"]
[EventDate "2017.08.13"]
[EventType "swiss (rapid)"]
[EventRounds "9"]
[EventCountry "ESP"]
[SourceTitle "CBM 179 Extra"]
[Source "ChessBase"]
[SourceDate "2017.08.23"]
[SourceVersion "1"]
[SourceVersionDate "2017.08.23"]
[SourceQuality "1"]

1. f4 d5 2. Nf3 Bg4 3. Ne5 Bf5 4. c3 Nd7 5. Qb3 Nb6 6. a4 a5 7. e4 Bxe4 8. Bb5+ c6 9. Nxc6 bxc6 10. Bxc6+ Nd7 11. Bxa8 Qxa8 12. 0-0 d4 13. cxd4 Bxg2 14. Rf2 Bd5 15. Qb5 Ngf6 16. Nc3 e6 17. f5 Bb4 18. fxe6 fxe6 19. d3 0-0 20. Bf4 Qa7 21. Nxd5 exd5 22. Be3 Re8 23. Rxf6 Nxf6 24. Bf2 Qd7 25. Qb6 Qg4+ 26. Bg3 Qe6 27. Qb5 Qe3+ 28. Bf2 Qe2 29. Rf1 Qg4+ 30. Bg3 Qxd4+ 31. Kh1 Qc5 32. Qb7 Qe7 33. Qb5 Qd7 34. Qb6 Qe6 35. Qb5 d4 36. Qb7 0-1

[Event "ESP-chT CECLUB Div2"]
[Site "Linares"]
[Date "2017.08.11"]
[Round "6.3"]
[White "Garcia Padron, Jose"]
[Black "Llobel Cortell, Enrique"]
[Result "1-0"]
[WhiteElo "2432"]
[BlackElo "2402"]
[PlyCount "176"]
[EventDate "2017.08.08"]
[EventType "team"]
[EventRounds "7"]
[EventCountry "ESP"]
[SourceTitle "CBM 179 Extra"]
[Source "ChessBase"]
[SourceDate "2017.08.23"]
[SourceVersion "1"]
[SourceVersionDate "2017.08.23"]
[SourceQuality "1"]
[WhiteTeam "Villa de Teror Goya"]
[BlackTeam "Paterna Laboratorio SyS"]
[WhiteTeamCountry "ESP"]
[BlackTeamCountry "ESP"]

1. e4 c5 2. Nf3 d6 3. Bb5+ Nc6 4. 0-0 Bd7 5. Re1 Nf6 6. c3 a6 7. Ba4 b5 8. Bc2 e5 9. h3 Be7 10. d4 0-0 11. d5 Na7 12. a4 Qb8 13. Nbd2 Nc8 14. b3 Bd8 15. Nf1 Ba5 16. Bd2 bxa4 17. bxa4 Nb6 18. Ne3 Qd8 19. Nh2 Kh8 20. Qf3 Qe8 21. Ra2 Ng8 22. Rb1 Ne7 23. Qe2 Nxa4 24. Rb3 Bc7 25. Rb7 Bb5 26. c4 Qc8 27. Rxc7 Qxc7 28. Bxa4 Bxa4 29. Rxa4 Rfb8 30. Ba5 Rb1+ 31. Nhf1 Qb7 32. Kh2 Qd7 33. Ra2 Rab8 34. Bc3 R1b6 35. Nd2 f6 36. g3 Rf8 37. Kg2 Qe8 38. Qg4 Qc8 39. Qe6 Re8 40. Ba5 Qxe6 41. dxe6 Rb7 42. Bc3 Ra7 43. Nd5 Nc8 44. Rb2 Rxe6 45. Rb8 Re8 46. Ba5 Rg8 47. Nb3 Ne7 48. Rb6 Nc8 49. Rc6 Rb7 50. Nd2 Rb2 51. Rxa6 Ra2 52. Kf3 Re8 53. Ke2 Kg8 54. Nc3 Ra1 55. Kd3 Ne7 56. Nb5 Rc8 57. Nxd6 Rb8 58. Nb5 Rc8 59. Re6 Kf7 60. Bc3 Kxe6 61. Bxa1 Nc6 62. Nb3 Nb4+ 63. Ke2 h5 64. Bc3 Na6 65. f4 exf4 66. gxf4 Kd7 67. Kf3 Rd8 68. Ba5 Re8 69. Nc1 Nb8 70. Nd3 Kc6 71. Nc7 Rg8 72. Nd5 Re8 73. f5 Nd7 74. Bc3 Ra8 75. N3f4 Ra4 76. Nxh5 Rxc4 77. Nxg7 Nb6 78. Bxf6 Nxd5 79. exd5+ Kxd5 80. Be7 Ke5 81. h4 Rc1 82. h5 Rh1 83. f6 Rf1+ 84. Ke2 Rf4 85. h6 Re4+ 86. Kd3 Rd4+ 87. Kc3 Rh4 88. f7 Kd5 1-0

[Event "ESP-chT CECLUB Div2"]
[Site "Linares"]
[Date "2017.08.11"]
[Round "5.2"]
[White "Llobel Cortell, Enrique"]
[Black "Bas Mas, Miguel"]
[Result "1-0"]
[WhiteElo "2402"]
[BlackElo "2236"]
[PlyCount "57"]
[EventDate "2017.08.08"]
[EventType "team"]
[EventRounds "7"]
[EventCountry "ESP"]
[SourceTitle "CBM 179 Extra"]
[Source "ChessBase"]
[SourceDate "2017.08.23"]
[SourceVersion "1"]
[SourceVersionDate "2017.08.23"]
[SourceQuality "1"]
[WhiteTeam "Paterna Laboratorio SyS"]
[BlackTeam "Xeraco CE"]
[WhiteTeamCountry "ESP"]
[BlackTeamCountry "ESP"]

1. e4 c5 2. Nf3 d6 3. d4 cxd4 4. Nxd4 Nc6 5. Nc3 g6 6. Be3 Bg7 7. Qd2 Nf6 8. f3 0-0 9. 0-0-0 Nxd4 10. Bxd4 Be6 11. Kb1 Kh8 12. h4 Qa5 13. g4 Rfc8 14. a3 Nd7 15. Bxg7+ Kxg7 16. h5 g5 17. h6+ Kh8 18. Bb5 f6 19. Bxd7 Bxd7 20. Nd5 Qd8 21. e5 dxe5 22. Nxf6 Ba4 23. Qxg5 Bxc2+ 24. Ka1 Qf8 25. Nd7 Qf7 26. Qxe5+ Kg8 27. Rd4 Bb3 28. Rf4 Qg6 29. Rf5 1-0

[Event "ESP-chT CECLUB Div2"]
[Site "Linares"]
[Date "2017.08.08"]
[Round "1.1"]
[White "Delgado Serrano, Angel"]
[Black "Llobel Cortell, Enrique"]
[Result "0-1"]
[WhiteElo "2124"]
[BlackElo "2402"]
[PlyCount "78"]
[EventDate "2017.08.08"]
[EventType "team"]
[EventRounds "7"]
[EventCountry "ESP"]
[SourceTitle "CBM 179 Extra"]
[Source "ChessBase"]
[SourceDate "2017.08.23"]
[SourceVersion "1"]
[SourceVersionDate "2017.08.23"]
[SourceQuality "1"]
[WhiteTeam "Sevilla Casa del Ajedrez"]
[BlackTeam "Paterna Laboratorio SyS"]
[WhiteTeamCountry "ESP"]
[BlackTeamCountry "ESP"]

1. Nf3 d6 2. g3 e5 3. Bg2 f5 4. 0-0 Nf6 5. c4 Be7 6. Nc3 0-0 7. d3 Qe8 8. b4 Qh5 9. Bb2 f4 10. Nd5 Nxd5 11. cxd5 Nd7 12. Qc2 fxg3 13. hxg3 Nf6 14. Qxc7 Nxd5 15. Qc2 Nf6 16. Qc4+ Kh8 17. Qh4 Qf7 18. Ng5 Qg6 19. f4 h6 20. Rac1 exf4 21. gxf4 Nh7 22. Rc7 hxg5 23. fxg5 Rxf1+ 24. Kxf1 Bf8 25. Be4 Bf5 26. Bxb7 Rb8 27. Bd4 a6 28. a3 Qxg5 29. Qxg5 Nxg5 30. Bxa6 Ne6 31. Rc4 d5 32. Ba7 Ra8 33. Rh4+ Kg8 34. e4 Bg6 35. exd5 Rxa7 36. Bc4 Nd8 37. Rf4 Bd6 38. Rg4 Bf5 39. Rg5 g6 0-1

[Event "EU-ch blitz"]
[Site "Tallinn"]
[Date "2016.12.17"]
[Round "7"]
[White "Llobel Cortell, Enrique"]
[Black "Fridman, Daniel"]
[Result "0-1"]
[WhiteElo "2399"]
[BlackElo "2596"]
[PlyCount "56"]
[EventDate "2016.12.17"]
[EventType "swiss (blitz)"]
[EventRounds "26"]
[EventCountry "EST"]
[SourceTitle "CBM 176 Extra"]
[Source "ChessBase"]
[SourceDate "2017.03.02"]
[SourceVersion "1"]
[SourceVersionDate "2017.03.02"]
[SourceQuality "1"]

1. e4 c6 2. c4 d5 3. exd5 cxd5 4. cxd5 Nf6 5. Nc3 Nxd5 6. Nf3 e6 7. Bc4 Nc6 8. 0-0 Nb6 9. Bb3 Bc5 10. Ne4 Be7 11. d4 0-0 12. Bf4 Nd5 13. Bg3 f5 14. Nc5 f4 15. Qe2 fxg3 16. Nxe6 gxh2+ 17. Kh1 Qd6 18. Nxf8 Kxf8 19. Rfe1 Bf5 20. Ne5 g6 21. Qf3 Nf6 22. Rad1 h5 23. Qf4 Kg7 24. Qg3 Ne4 25. Qe3 Nxe5 26. dxe5 Qxe5 27. Bc2 Bc5 28. Qb3 Nxf2# 0-1